000 00831nam a2200253Ia 4500
003 OSt
005 20221005113436.0
006 a|||||r|||| 00| 0
007 ta
008 221004b |||||||| |||| 00| 0 pan d
020 _a8178834936 (hbk)
_c550
024 _a14002
037 _b885, 08/09/2014, H.K. Prakashan
_cTextual
040 _aCRL
_cCRL
_bpan
041 _2pan
_apan
082 _aO111,3NHA,RO, 153P8
100 _aਹੇਲੀ, ਐਲੈਕਸ
245 0 _aਰੂਟਸ
260 _aਲੁਧਿਆਣਾ
_bਚੇਤਨਾ ਪ੍ਰਕਾFਨ ਭਾਰਤ
_c2008
300 _a828ਪੰ
_ccm.
650 _aਪੰਜਾਬੀ ਸਾਹਿਤ
942 _hO111,3NHA,RO, 153P8
_cTEXL
_2cc
999 _c1028195
_d1028195